De las Indias remotas : (Record no. 110426)

MARC details
000 -LEADER
campo de control de longitud fija 00770nam a2200253Ka 4500
001 - NÚMERO DE CONTROL
campo de control 50349
005 - FECHA Y HORA DE LA ÚLTIMA TRANSACCIÓN
campo de control 20230411090002.0
008 - DATOS DE LONGITUD FIJA--INFORMACIÓN GENERAL
campo de control de longitud fija 071023s2007 ck 000 0 spa d
035 ## - NÚMERO DE CONTROL DEL SISTEMA
Número de control de sistema (OCoLC)ocn176333815
040 ## - FUENTE DE CATALOGACIÓN
Centro catalogador/agencia de origen CUY
Centro/agencia transcriptor CUY
020 ## - NÚMERO INTERNACIONAL ESTÁNDAR DEL LIBRO
Número Internacional Estándar del Libro 9789588252421
020 ## - NÚMERO INTERNACIONAL ESTÁNDAR DEL LIBRO
Número Internacional Estándar del Libro 9588252423
035 ## - NÚMERO DE CONTROL DEL SISTEMA
Número de control de sistema (OCoLC)176333815
090 ## - LOCALMENTE ASIGNADO TIPO-LC NÚMERO DE CLASIFICACIÓN (OCLC); NÚMERO DE CLASIFICACIÓN LOCAL (RLIN)
Número de clasificación (OCLC) (R) ; Numero de clasificación, CALL (RLIN) (NR) F2291.S2
Número cutter local (OCLC) ; Número de libro/Signatura topográfica íntegra, CALL (RLIN) D4 2007
049 ## - FONDOS LOCALES (OCLC)
Biblioteca depositaria GRAL
245 00 - MENCIÓN DEL TÍTULO
Título De las Indias remotas :
Resto del título cartas del cabildo de Santa Marta, 1529-1640 /
Mención de responsabilidad, etc. Antonino Vidal Ortega, Alvaro Baquero Montoya, compiladores.
260 ## - PUBLICACIÓN, DISTRIBUCIÓN, ETC.
Lugar de publicación, distribución, etc. Barranquilla :
Nombre del editor, distribuidor, etc. Ediciones Uninorte,
Fecha de publicación, distribución, etc. 2007.
300 ## - DESCRIPCIÓN FÍSICA
Extensión 181 p. ;
Dimensiones 22 cm.
490 0# - MENCIÓN DE SERIE
Mención de serie Historia & region
700 1# - ENTRADA AGREGADA--NOMBRE PERSONAL
Nombre de persona Vidal Ortega, Antonino.
700 1# - ENTRADA AGREGADA--NOMBRE PERSONAL
Nombre de persona Baquero Montoya, Alvaro.
942 ## - ELEMENTOS DE ENTRADA SECUNDARIOS (KOHA)
Fuente del sistema de clasificación o colocación Clasificación de Library of Congress
Tipo de ítem Koha
994 ## -
-- C0
-- DRFGD
Holdings
Estatus retirado Estado de pérdida Fuente del sistema de clasificación o colocación Estado de daño No para préstamo Colección Biblioteca de origen Biblioteca actual Ubicación en estantería Fecha de adquisición Código de barras Visto por última vez Copia número Tipo de ítem Koha
    Clasificación de Library of Congress     Automatización y Procesos Técnicos Biblioteca Juan Bosch Biblioteca Juan Bosch Automatización y Procesos Técnicos (1er. Piso) 11/04/2023 00000052392 17/02/2019 1